A GE Digital szerepe az ipari digitalizációban

Bibliográfiai részletek
Szerző: Lőrincz Bertalan
További közreműködők: Csonka DR László
Dokumentumtípus: Záródolgozat
Kulcsszavak:Digitalizáció
General Electric
4. Ipari forradalom
Online Access:http://dolgozattar.uni-bge.hu/20528

MARC

LEADER 00000nta a2200000 i 4500
001 dolg20528
005 20200323135141.0
008 190506suuuu hu o 000 hun d
040 |a BGE Dolgozattár Repozitórium  |b hun 
041 |a hu 
100 1 |a Lőrincz Bertalan 
245 1 2 |a A GE Digital szerepe az ipari digitalizációban  |c Lőrincz Bertalan  |h [elektronikus dokumentum] 
516 |a Final_paper 
695 |a Digitalizáció 
695 |a General Electric 
695 |a 4. Ipari forradalom 
700 1 |a Csonka DR László  |e ths 
856 4 0 |u http://dolgozattar.uni-bge.hu/20528/1/Szakdolgozat_L%C5%91rincz%20Bertalan_2019%20tavasz_A%20GE%20Digital%20szerepe%20az%20ipari%20digitaliz%C3%A1ci%C3%B3ban_pdf.pdf  |z Dokumentum-elérés